[Event "Scarborough CC Winter End U1400"]
[Site "Toronto CAN"]
[Date "2012.03.01"]
[Round "3"]
[White "Lu, Leo"]
[Black "Pulogarajah, Kaarthic"]
[Result "0-1"]
[WhiteElo "911"]
[BlackElo "1015"]
[PlyCount "110"]
[GameId "2160767909576400"]
[EventDate "2012.02.16"]
[EventType "swiss"]
[EventRounds "5"]
[EventCountry "CAN"]
[SourceTitle "EXT 2022"]
[Source "ChessBase"]
[SourceDate "2021.10.06"]
[SourceVersion "1"]
[SourceVersionDate "2021.10.06"]
[SourceQuality "1"]

1. e4 e5 2. Nf3 Nc6 3. Bc4 Nf6 4. Nc3 a6 5. d4 d5 6. exd5 exd4 7. dxc6 dxc3 8. Qxd8+ Kxd8 9. Ne5 Ke7 10. bxc3 Be6 11. Ba3+ Ke8 12. cxb7 Rb8 13. Bxa6 Bxa3 14. Nc6 Nd7 15. Rd1 Bxa2 16. Nxb8 Nxb8 17. Bb5+ c6 18. Ra1 cxb5 19. Rxa2 Bd6 20. O-O Kd7 21. Ra7 Bc5 22. Ra5 Kc6 23. Rb1 Re8 24. Kf1 Bb6 25. Raxb5 Nd7 26. c4 Kxb7 27. c5 Re6 28. cxb6 Rxb6 29. Rxb6+ Nxb6 30. Re1 Nd5 31. Rb1+ Kc6 32. Ke2 f5 33. g3 Nc3+ 34. Ke3 Nxb1 35. Kf4 g6 36. Kg5 Nd2 37. Kh6 Nf3 38. h3 g5 39. g4 fxg4 40. hxg4 Kd5 41. Kxh7 Ke4 42. Kg6 Kf4 43. Kh5 Nh4 44. c4 Nf3 45. c5 Ne5 46. Kh6 Nxg4+ 47. Kg6 Ne5+ 48. Kg7 g4 49. Kh6 Kf3 50. Kg5 Kxf2 51. Kf5 g3 52. Kxe5 g2 53. c6 g1=Q 54. Kd4 Qg5 55. Kd3 Qc5 0-1

[Event "Scarborough CC Winter End U1400"]
[Site "Toronto CAN"]
[Date "2012.03.01"]
[Round "3"]
[White "Nasirov, Ildar"]
[Black "Wang, Yanning"]
[Result "0-1"]
[WhiteElo "1118"]
[BlackElo "1047"]
[PlyCount "37"]
[GameId "2160767909576401"]
[EventDate "2012.02.16"]
[EventType "swiss"]
[EventRounds "5"]
[EventCountry "CAN"]
[SourceTitle "EXT 2022"]
[Source "ChessBase"]
[SourceDate "2021.10.06"]
[SourceVersion "1"]
[SourceVersionDate "2021.10.06"]
[SourceQuality "1"]

1. e4 e5 2. Nf3 Nc6 3. Bb5 Nf6 4. Bxc6 dxc6 5. Nxe5 Qd4 6. Nf3 Qxe4+ 7. Qe2 Qxe2+ 8. Kxe2 Bf5 9. Re1 O-O-O 10. Kf1 Bxc2 11. Na3 Bxa3 12. bxa3 b5 13. Re7 Bd3+ 14. Kg1 Be4 15. Ng5 Rhe8 16. Rxf7 Bg6 17. Bb2 Bxf7 18. Bxf6 gxf6 19. Nxf7 0-1

[Event "Scarborough CC Winter End U1400"]
[Site "Toronto CAN"]
[Date "2012.03.01"]
[Round "3"]
[White "Patel, Alay"]
[Black "Lin, Benjamin1"]
[Result "0-1"]
[WhiteElo "890"]
[BlackElo "1254"]
[PlyCount "50"]
[GameId "2160767909576402"]
[EventDate "2012.02.16"]
[EventType "swiss"]
[EventRounds "5"]
[EventCountry "CAN"]
[SourceTitle "EXT 2022"]
[Source "ChessBase"]
[SourceDate "2021.10.06"]
[SourceVersion "1"]
[SourceVersionDate "2021.10.06"]
[SourceQuality "1"]

1. e3 d5 2. Nf3 Nc6 3. Nc3 e5 4. e4 d4 5. Na4 Nf6 6. Nc5 Bxc5 7. c3 Nxe4 8. Bd3 Ng5 9. Nxg5 Qxg5 10. cxd4 Bxd4 11. Qf3 O-O 12. Qh3 Bxh3 13. gxh3 Qg2 14. Rf1 f5 15. Bc4+ Kh8 16. Rb1 Rae8 17. d3 e4 18. dxe4 Qxe4+ 19. Kd1 Qxb1 20. f3 Bxb2 21. Kd2 Bxc1+ 22. Rxc1 Qb4+ 23. Kd1 Re1+ 24. Kc2 Qxc4+ 25. Kb1 Qxc1# 0-1

[Event "Scarborough CC Winter End U1400"]
[Site "Toronto CAN"]
[Date "2012.03.01"]
[Round "3"]
[White "Roy, Harrison"]
[Black "Marcelino, Daryl"]
[Result "0-1"]
[WhiteElo "855"]
[BlackElo "973"]
[PlyCount "74"]
[GameId "2160767909576403"]
[EventDate "2012.02.16"]
[EventType "swiss"]
[EventRounds "5"]
[EventCountry "CAN"]
[SourceTitle "EXT 2022"]
[Source "ChessBase"]
[SourceDate "2021.10.06"]
[SourceVersion "1"]
[SourceVersionDate "2021.10.06"]
[SourceQuality "1"]

1. e4 d5 2. exd5 Qxd5 3. Nc3 Qa5 4. Nf3 e5 5. Be2 Nc6 6. d3 Bb4 7. Bd2 Be6 8. a3 Bxc3 9. Bxc3 Qd5 10. d4 e4 11. Ne5 Nxe5 12. dxe5 O-O-O 13. Qxd5 Rxd5 14. Bc4 Rd8 15. Bxe6+ fxe6 16. O-O Rd5 17. Rfd1 Ne7 18. Rxd5 Nxd5 19. Bb4 Nxb4 20. axb4 Rf8 21. Rxa7 Rf5 22. Ra5 b6 23. Rb5 Kb7 24. g4 Rg5 25. h3 c6 26. Rxb6+ Kxb6 27. Kg2 Rxe5 28. Kg3 e3 29. fxe3 Rxe3+ 30. Kg2 Kb5 31. c3 Re2+ 32. Kf3 Rxb2 33. Ke4 Re2+ 34. Kd4 e5+ 35. Kd3 Rh2 36. Ke4 Rxh3 37. Kxe5 Kc4 0-1

[Event "Scarborough CC Winter End U1400"]
[Site "Toronto CAN"]
[Date "2012.03.01"]
[Round "3"]
[White "Thanabalachandran, Luxiga"]
[Black "Pakerathan, Thurvan"]
[Result "0-1"]
[WhiteElo "909"]
[BlackElo "956"]
[PlyCount "86"]
[GameId "2160767909576404"]
[EventDate "2012.02.16"]
[EventType "swiss"]
[EventRounds "5"]
[EventCountry "CAN"]
[SourceTitle "EXT 2022"]
[Source "ChessBase"]
[SourceDate "2021.10.06"]
[SourceVersion "1"]
[SourceVersionDate "2021.10.06"]
[SourceQuality "1"]

1. e4 e5 2. Nf3 Nc6 3. Bb5 Bc5 4. O-O a6 5. Bxc6 dxc6 6. d3 Bg4 7. Nxe5 Bxd1 8. Rxd1 Qd4 9. Ng4 Nf6 10. Be3 Qd6 11. Nxf6+ Qxf6 12. Bxc5 O-O-O 13. Nc3 b6 14. Be3 Qg6 15. d4 h5 16. h3 c5 17. dxc5 Rxd1+ 18. Rxd1 bxc5 19. Bxc5 Rd8 20. Rxd8+ Kxd8 21. f4 Qg3 22. Nd5 Qe1+ 23. Kh2 Qxe4 24. Nc3 Qxc2 25. Ba3 h4 26. Kg1 Qc1+ 27. Kf2 Qxf4+ 28. Ke2 Qe5+ 29. Kf3 Qg3+ 30. Ke4 Qxg2+ 31. Kd4 Qxh3 32. Bf8 Qg4+ 33. Ne4 h3 34. Ke3 h2 35. Nf2 Qg3+ 36. Ke2 Qg2 37. a3 h1=Q 38. b4 Qh5+ 39. Ke3 Qgf3+ 40. Kd2 Qxf2+ 41. Kc3 Qff3+ 42. Kb2 Qf2+ 43. Kc1 Qh1# 0-1

[Event "Scarborough CC Winter End U1400"]
[Site "Toronto CAN"]
[Date "2012.03.01"]
[Round "3"]
[White "Wu, Mark"]
[Black "Stroempl, Hedi"]
[Result "1-0"]
[WhiteElo "992"]
[BlackElo "1061"]
[PlyCount "69"]
[GameId "2160767909576405"]
[EventDate "2012.02.16"]
[EventType "swiss"]
[EventRounds "5"]
[EventCountry "CAN"]
[SourceTitle "EXT 2022"]
[Source "ChessBase"]
[SourceDate "2021.10.06"]
[SourceVersion "1"]
[SourceVersionDate "2021.10.06"]
[SourceQuality "1"]

1. d4 d5 2. c4 e6 3. Nc3 Nf6 4. Bg5 Be7 5. Nf3 h6 6. Bxf6 Bxf6 7. e4 dxe4 8. Nxe4 b6 9. Be2 O-O 10. O-O Nd7 11. Qc2 Bb7 12. Nxf6+ Qxf6 13. Rfd1 Rad8 14. Rd2 Rfe8 15. Rad1 Qe7 16. b3 c5 17. d5 exd5 18. cxd5 Qf8 19. d6 Re6 20. Bc4 Rg6 21. Qxg6 Bxf3 22. Bxf7+ Qxf7 23. Qxf7+ Kxf7 24. gxf3 Re8 25. Kg2 g5 26. Kg3 Kg6 27. f4 Nf6 28. fxg5 Ne4+ 29. Kg4 Nxd2 30. Rxd2 hxg5 31. f4 Re4 32. d7 Rxf4+ 33. Kg3 Rd4 34. Rxd4 cxd4 35. d8=Q 1-0

[Event "Scarborough CC Winter End U1400"]
[Site "Toronto CAN"]
[Date "2012.03.01"]
[Round "3"]
[White "Yu, Tianxi"]
[Black "Patel, Saiyam"]
[Result "1-0"]
[WhiteElo "1029"]
[BlackElo "910"]
[PlyCount "53"]
[GameId "2160767909576406"]
[EventDate "2012.02.16"]
[EventType "swiss"]
[EventRounds "5"]
[EventCountry "CAN"]
[SourceTitle "EXT 2022"]
[Source "ChessBase"]
[SourceDate "2021.10.06"]
[SourceVersion "1"]
[SourceVersionDate "2021.10.06"]
[SourceQuality "1"]

1. e4 e6 2. d4 Nf6 3. Nc3 Be7 4. e5 Nd5 5. Nxd5 exd5 6. Nf3 Na6 7. Bd3 c5 8. c3 Qa5 9. O-O Qb6 10. Bg5 f6 11. Bc1 c4 12. exf6 Qxf6 13. Bg5 Qd6 14. Bxe7 Qxe7 15. Re1 cxd3 16. Rxe7+ Kxe7 17. Qxd3 d6 18. Qe3+ Be6 19. Ng5 Nc7 20. Nxe6 Nxe6 21. Re1 Kd7 22. Qxe6+ Kc6 23. c4 Rad8 24. Qxd5+ Kb6 25. Qb5+ Kc7 26. Re7+ Kc8 27. Qxb7# 1-0

[Event "Scarborough CC Winter End U1400"]
[Site "Toronto CAN"]
[Date "2012.03.03"]
[Round "3"]
[White "Maurer, Hans"]
[Black "Deng, Yi"]
[Result "0-1"]
[WhiteElo "914"]
[BlackElo "1035"]
[PlyCount "64"]
[GameId "2160767909576407"]
[EventDate "2012.02.16"]
[EventType "swiss"]
[EventRounds "5"]
[EventCountry "CAN"]
[SourceTitle "EXT 2022"]
[Source "ChessBase"]
[SourceDate "2021.10.06"]
[SourceVersion "1"]
[SourceVersionDate "2021.10.06"]
[SourceQuality "1"]

1. e4 e5 2. Nf3 Nc6 3. Bc4 Bc5 4. d3 Nf6 5. O-O O-O 6. a3 d6 7. h3 h6 8. Nc3 a6 9. Nd5 Nxd5 10. Bxd5 Nd4 11. c3 Nxf3+ 12. Qxf3 c6 13. Bc4 b5 14. Bb3 Be6 15. Ba2 Bxa2 16. Rxa2 Qe7 17. b4 Bb6 18. Qg3 Kh8 19. Kh1 Qe6 20. f4 Qxa2 21. fxe5 Qe6 22. exd6 Rad8 23. e5 f6 24. exf6 Rxf6 25. Rxf6 Qxf6 26. Be3 Bxe3 27. Qxe3 Qxd6 28. d4 Qg6 29. Kh2 Re8 30. Qf2 Qd6+ 31. Qg3 Qxg3+ 32. Kxg3 Re3+ 0-1

[Event "Scarborough CC Winter End U1400"]
[Site "Toronto CAN"]
[Date "2012.03.08"]
[Round "4"]
[White "Balendra, Harigaran"]
[Black "Liu, Daniel1"]
[Result "1-0"]
[WhiteElo "1213"]
[BlackElo "1019"]
[PlyCount "89"]
[GameId "2160767909576408"]
[EventDate "2012.02.16"]
[EventType "swiss"]
[EventRounds "5"]
[EventCountry "CAN"]
[SourceTitle "EXT 2022"]
[Source "ChessBase"]
[SourceDate "2021.10.06"]
[SourceVersion "1"]
[SourceVersionDate "2021.10.06"]
[SourceQuality "1"]

1. e4 e5 2. Nf3 Nc6 3. Bb5 Bc5 4. O-O Nf6 5. d3 d6 6. Bg5 h6 7. Bh4 Be6 8. Nc3 a6 9. Ba4 b5 10. Bb3 Nd4 11. Rb1 Nxb3 12. cxb3 c6 13. d4 exd4 14. Nxd4 Bd7 15. Re1 Qe7 16. Nf5 Qe5 17. Bg3 Bxf2+ 18. Bxf2 Kf8 19. Bg3 Qe6 20. Bxd6+ Kg8 21. Ne7+ Kh7 22. e5 Ng8 23. Qd3+ g6 24. Nxg8 Rhxg8 25. Ne4 Kh8 26. Nc5 Qe8 27. Qc3 Bf5 28. Rbc1 Rc8 29. e6+ Kh7 30. exf7 Qd8 31. fxg8=Q+ Kxg8 32. Be7 Qe8 33. Rcd1 Qf7 34. Nd7 Bxd7 35. Rxd7 Re8 36. Rc7 g5 37. Bd6 Rxe1+ 38. Qxe1 Qg6 39. Rd7 h5 40. Qf1 Qh6 41. Rd8+ Kh7 42. Qf5+ Qg6 43. Rd7+ Kh6 44. Bf8+ Qg7 45. Rd6# 1-0

[Event "Scarborough CC Winter End U1400"]
[Site "Toronto CAN"]
[Date "2012.03.08"]
[Round "4"]
[White "Lu, Leo"]
[Black "Yu, Tianxi"]
[Result "1-0"]
[WhiteElo "911"]
[BlackElo "1029"]
[PlyCount "47"]
[GameId "2160767909576409"]
[EventDate "2012.02.16"]
[EventType "swiss"]
[EventRounds "5"]
[EventCountry "CAN"]
[SourceTitle "EXT 2022"]
[Source "ChessBase"]
[SourceDate "2021.10.06"]
[SourceVersion "1"]
[SourceVersionDate "2021.10.06"]
[SourceQuality "1"]

1. e4 e5 2. Nf3 Nf6 3. Bc4 Nc6 4. Nc3 Bb4 5. d3 d5 6. exd5 Nxd5 7. O-O Bxc3 8. bxc3 Nxc3 9. Qd2 Nd5 10. Nxe5 Be6 11. Rb1 Qd6 12. Nf3 Na5 13. Qxa5 b6 14. Qa4+ Bd7 15. Re1+ Ne7 16. Qb3 O-O 17. Ba3 Qg6 18. Rxe7 Bh3 19. g3 Qg4 20. Ne5 Qe2 21. Bxf7+ Rxf7 22. Qxf7+ Kh8 23. Re8+ Rxe8 24. Qxe8# 1-0

[Event "Scarborough CC Winter End U1400"]
[Site "Toronto CAN"]
[Date "2012.03.08"]
[Round "4"]
[White "Magee, Bruce"]
[Black "Thanabalachandran, Luxiga"]
[Result "1-0"]
[WhiteElo "792"]
[BlackElo "909"]
[PlyCount "39"]
[GameId "2160767909576410"]
[EventDate "2012.02.16"]
[EventType "swiss"]
[EventRounds "5"]
[EventCountry "CAN"]
[SourceTitle "EXT 2022"]
[Source "ChessBase"]
[SourceDate "2021.10.06"]
[SourceVersion "1"]
[SourceVersionDate "2021.10.06"]
[SourceQuality "1"]

1. e4 e6 2. Nf3 Nc6 3. d4 d5 4. e5 Be7 5. Bb5 Bd7 6. a3 a6 7. Bxc6 Bxc6 8. O-O f6 9. Nc3 Qd7 10. b4 O-O-O 11. Bd2 Bb5 12. Nxb5 Qxb5 13. Qb1 Qe2 14. Re1 Qb5 15. a4 Qd7 16. b5 axb5 17. axb5 Kb8 18. Qa2 c6 19. b6 h6 20. Qa8# 1-0

[Event "Scarborough CC Winter End U1400"]
[Site "Toronto CAN"]
[Date "2012.03.08"]
[Round "4"]
[White "Mahoney, Sean"]
[Black "Maurer, Hans"]
[Result "1-0"]
[WhiteElo "904"]
[BlackElo "914"]
[PlyCount "36"]
[GameId "2160767909576411"]
[EventDate "2012.02.16"]
[EventType "swiss"]
[EventRounds "5"]
[EventCountry "CAN"]
[SourceTitle "EXT 2022"]
[Source "ChessBase"]
[SourceDate "2021.10.06"]
[SourceVersion "1"]
[SourceVersionDate "2021.10.06"]
[SourceQuality "1"]

1. e4 e5 2. Qf3 Nf6 3. Nc3 Bc5 4. h3 Nc6 5. Qg3 O-O 6. d4 Nxd4 7. Bh6 Ne8 8. O-O-O Qf6 9. Bg5 Qg6 10. Bd3 h6 11. Qxe5 Bb6 12. Be7 f6 13. Qd5+ Rf7 14. e5 Qg5+ 15. Kb1 fxe5 16. Bxg5 hxg5 17. Bc4 Nd6 18. Ne4 Kh7 1-0

[Event "Scarborough CC Winter End U1400"]
[Site "Toronto CAN"]
[Date "2012.03.08"]
[Round "4"]
[White "Marcelino, Daryl"]
[Black "Magee, Michael"]
[Result "1/2-1/2"]
[WhiteElo "973"]
[BlackElo "619"]
[PlyCount "43"]
[GameId "2160767909576412"]
[EventDate "2012.02.16"]
[EventType "swiss"]
[EventRounds "5"]
[EventCountry "CAN"]
[SourceTitle "EXT 2022"]
[Source "ChessBase"]
[SourceDate "2021.10.06"]
[SourceVersion "1"]
[SourceVersionDate "2021.10.06"]
[SourceQuality "1"]

1. e4 c5 2. d4 cxd4 3. Qxd4 Nc6 4. Qe3 g6 5. Bd2 Bg7 6. Nc3 Nf6 7. h3 e6 8. f4 Nb4 9. O-O-O d5 10. exd5 Nbxd5 11. Nxd5 Nxd5 12. Bb5+ Bd7 13. Qc5 Bxb5 14. Qxb5+ Qd7 15. Qc5 b6 16. Qf2 Rc8 17. Ne2 Qa4 18. Bc3 Nxc3 19. Nxc3 Bxc3 20. bxc3 Rxc3 21. Kb2 Qa3+ 22. Kb1 1/2-1/2

[Event "Scarborough CC Winter End U1400"]
[Site "Toronto CAN"]
[Date "2012.03.08"]
[Round "4"]
[White "Ming, Qing"]
[Black "Mendrinos, Ari"]
[Result "1/2-1/2"]
[WhiteElo "1087"]
[BlackElo "1311"]
[PlyCount "51"]
[GameId "2160767909576413"]
[EventDate "2012.02.16"]
[EventType "swiss"]
[EventRounds "5"]
[EventCountry "CAN"]
[SourceTitle "EXT 2022"]
[Source "ChessBase"]
[SourceDate "2021.10.06"]
[SourceVersion "1"]
[SourceVersionDate "2021.10.06"]
[SourceQuality "1"]

1. e4 e6 2. d4 d5 3. e5 c5 4. Nf3 a6 5. Be3 Qb6 6. c4 dxc4 7. Bxc4 cxd4 8. Bxd4 Bc5 9. O-O Bxd4 10. Qxd4 Qxd4 11. Nxd4 Ne7 12. Nd2 O-O 13. a4 Bd7 14. b4 Nbc6 15. Nxc6 Nxc6 16. Ne4 Nxe5 17. Rfd1 Bc6 18. Nd6 Nxc4 19. Nxc4 Rad8 20. Nb6 Bd5 21. Rd3 Rd6 22. a5 Rfd8 23. Rad1 Kf8 24. Nc4 R6d7 25. Nb6 Rd6 26. Nc4 1/2-1/2

[Event "Scarborough CC Winter End U1400"]
[Site "Toronto CAN"]
[Date "2012.03.08"]
[Round "4"]
[White "Ming, Wenyang"]
[Black "Chen, George"]
[Result "1/2-1/2"]
[WhiteElo "1253"]
[BlackElo "1254"]
[PlyCount "82"]
[GameId "2160767909576414"]
[EventDate "2012.02.16"]
[EventType "swiss"]
[EventRounds "5"]
[EventCountry "CAN"]
[SourceTitle "EXT 2022"]
[Source "ChessBase"]
[SourceDate "2021.10.06"]
[SourceVersion "1"]
[SourceVersionDate "2021.10.06"]
[SourceQuality "1"]

1. e4 c5 2. Nf3 Nc6 3. d4 cxd4 4. Nxd4 Nf6 5. Nc3 e5 6. Ndb5 d6 7. Bg5 a6 8. Na3 b5 9. Nd5 Be7 10. Bxf6 Bxf6 11. c3 Bb7 12. Bd3 Bg5 13. Nc2 Ne7 14. Nxe7 Bxe7 15. Ne3 O-O 16. O-O Bg5 17. Nf5 Bc8 18. Ng3 Be6 19. Qe2 Qd7 20. c4 bxc4 21. Bxc4 Bxc4 22. Qxc4 Rfc8 23. Qd3 h6 24. Nf5 Rd8 25. Rfd1 Be7 26. Rac1 Bg5 27. Rc5 dxc5 28. Qxd7 Rxd7 29. Rxd7 Rd8 30. Rxd8+ Bxd8 31. Nd6 Kf8 32. Kf1 g6 33. Ke2 Ke7 34. Nc4 Ke6 35. g3 f6 36. f4 exf4 37. gxf4 Bc7 38. Ke3 g5 39. f5+ Kd7 40. h3 Kc6 41. a4 Kd7 1/2-1/2

[Event "Scarborough CC Winter End U1400"]
[Site "Toronto CAN"]
[Date "2012.03.08"]
[Round "4"]
[White "Paraparan, Varshini"]
[Black "Pulogarajah, Kaarthic"]
[Result "1-0"]
[WhiteElo "1126"]
[BlackElo "1015"]
[PlyCount "63"]
[GameId "2160767909576415"]
[EventDate "2012.02.16"]
[EventType "swiss"]
[EventRounds "5"]
[EventCountry "CAN"]
[SourceTitle "EXT 2022"]
[Source "ChessBase"]
[SourceDate "2021.10.06"]
[SourceVersion "1"]
[SourceVersionDate "2021.10.06"]
[SourceQuality "1"]

1. e4 e5 2. Nf3 Nc6 3. Bb5 Bd6 4. O-O a6 5. Ba4 Nf6 6. Re1 b5 7. Bb3 O-O 8. d3 Nd4 9. Nxd4 exd4 10. e5 Bb4 11. c3 dxc3 12. bxc3 Nd5 13. Bxd5 c6 14. Bxc6 dxc6 15. cxb4 Qd4 16. Qb3 Be6 17. Qc3 Rad8 18. Rd1 f6 19. exf6 Qxf6 20. Qxf6 Rxf6 21. Bg5 Rd5 22. Bxf6 gxf6 23. Nc3 Rg5 24. Re1 Bh3 25. g3 f5 26. Re8+ Kf7 27. Ra8 f4 28. Rxa6 Rg6 29. a4 f3 30. axb5 cxb5 31. Rxg6 hxg6 32. Nxb5 1-0

[Event "Scarborough CC Winter End U1400"]
[Site "Toronto CAN"]
[Date "2012.03.08"]
[Round "4"]
[White "Roy, Lawrence"]
[Black "Nasirov, Ildar"]
[Result "1-0"]
[WhiteElo "1004"]
[BlackElo "1118"]
[PlyCount "62"]
[GameId "2160767909576416"]
[EventDate "2012.02.16"]
[EventType "swiss"]
[EventRounds "5"]
[EventCountry "CAN"]
[SourceTitle "EXT 2022"]
[Source "ChessBase"]
[SourceDate "2021.10.06"]
[SourceVersion "1"]
[SourceVersionDate "2021.10.06"]
[SourceQuality "1"]

1. e4 e5 2. Nf3 Nc6 3. Bb5 Nf6 4. Bxc6 bxc6 5. Nc3 Bd6 6. O-O O-O 7. Re1 Re8 8. d4 Ba6 9. Bg5 h6 10. dxe5 Bxe5 11. Bxf6 Bxf6 12. e5 Bg5 13. Nxg5 Qxg5 14. Qxd7 Bb7 15. Qxc7 Rab8 16. Ne4 Qd8 17. Qxd8 Rbxd8 18. Rad1 Rxd1 19. Rxd1 Rxe5 20. f3 Rb5 21. b3 Ra5 22. Rd7 f5 23. Nc3 Rc5 24. Rxb7 Rxc3 25. Rxa7 Rxc2 26. f4 Kh7 27. Ra5 Kg6 28. h3 c5 29. Ra6+ Kh5 30. Ra7 Kh4 31. Rxg7 Rxa2 1-0

[Event "Scarborough CC Winter End U1400"]
[Site "Toronto CAN"]
[Date "2012.03.08"]
[Round "4"]
[White "Sekar, Varun"]
[Black "Guo, Thomas"]
[Result "1-0"]
[WhiteElo "1255"]
[BlackElo "1112"]
[PlyCount "120"]
[GameId "2160767909576417"]
[EventDate "2012.02.16"]
[EventType "swiss"]
[EventRounds "5"]
[EventCountry "CAN"]
[SourceTitle "EXT 2022"]
[Source "ChessBase"]
[SourceDate "2021.10.06"]
[SourceVersion "1"]
[SourceVersionDate "2021.10.06"]
[SourceQuality "1"]

1. e4 e5 2. Nf3 Nc6 3. Bc4 Nf6 4. Nc3 Bc5 5. O-O d6 6. h3 Qe7 7. Nd5 Nxd5 8. Bxd5 Bd7 9. d3 h6 10. Re1 Be6 11. Bxc6+ bxc6 12. Be3 Bxe3 13. Rxe3 Rb8 14. b3 f6 15. c4 d5 16. Qd2 Qc5 17. Rae1 d4 18. R3e2 g5 19. g4 h5 20. Nh2 Kf7 21. f3 Rh7 22. Rg2 Rbh8 23. Ree2 hxg4 24. hxg4 Rh3 25. Ref2 Qb6 26. Qc2 Qb4 27. Qd2 c5 28. Qxb4 cxb4 29. a3 a5 30. axb4 axb4 31. Ra2 c5 32. Ra7+ Kg6 33. Rc7 Ra8 34. Rb2 Ra5 35. Kg2 Rh7 36. Rc6 Bd7 37. Rd6 Bc8 38. Rb6 Bd7 39. Nf1 Be8 40. Ng3 Ra1 41. Nh5 Rf7 42. Rb8 Rf8 43. Rb7 Rf7 44. Rxf7 Kxf7 45. Kf2 Ke6 46. Ng7+ Kf7 47. Nf5 Bd7 48. Nd6+ Ke7 49. Nb7 Rh1 50. Kg3 Rd1 51. Nxc5 Kd6 52. Na6 Rxd3 53. Nxb4 Rd1 54. Kf2 Rh1 55. Ra2 Rh2+ 56. Ke1 Rxa2 57. Nxa2 Kc5 58. Kd2 Bc8 59. Kd3 Ba6 60. b4+ Kb6 1-0

[Event "Scarborough CC Winter End U1400"]
[Site "Toronto CAN"]
[Date "2012.03.08"]
[Round "4"]
[White "Wang, Yanning"]
[Black "Lin, Benjamin1"]
[Result "0-1"]
[WhiteElo "1047"]
[BlackElo "1254"]
[PlyCount "56"]
[GameId "2160767909576418"]
[EventDate "2012.02.16"]
[EventType "swiss"]
[EventRounds "5"]
[EventCountry "CAN"]
[SourceTitle "EXT 2022"]
[Source "ChessBase"]
[SourceDate "2021.10.06"]
[SourceVersion "1"]
[SourceVersionDate "2021.10.06"]
[SourceQuality "1"]

1. e4 c5 2. Nf3 Nc6 3. d4 cxd4 4. Nxd4 e5 5. Nxc6 bxc6 6. Bc4 Nf6 7. Bg5 Be7 8. Nc3 O-O 9. Qe2 h6 10. Bh4 a5 11. g4 a4 12. g5 hxg5 13. Bxg5 Nh7 14. Be3 a3 15. b3 Bb4 16. Bd2 Qa5 17. Qd3 Bb7 18. O-O-O Rad8 19. Rhg1 Kh8 20. Qg3 g6 21. Na4 Bxd2+ 22. Rxd2 d6 23. Be2 c5 24. Qh4 Qb4 25. Rg3 Qxe4 26. Nxc5 Qxh4 27. Nxb7 Rd7 28. Rxd6 Rxb7 0-1

[Event "Scarborough CC Winter End U1400"]
[Site "Toronto CAN"]
[Date "2012.03.15"]
[Round "5"]
[White "Guo, Thomas"]
[Black "Lu, Leo"]
[Result "1-0"]
[WhiteElo "1112"]
[BlackElo "911"]
[PlyCount "29"]
[GameId "2160767909576419"]
[EventDate "2012.02.16"]
[EventType "swiss"]
[EventRounds "5"]
[EventCountry "CAN"]
[SourceTitle "EXT 2022"]
[Source "ChessBase"]
[SourceDate "2021.10.06"]
[SourceVersion "1"]
[SourceVersionDate "2021.10.06"]
[SourceQuality "1"]

1. e4 e5 2. Nf3 Nc6 3. Bb5 Qe7 4. Nc3 Nf6 5. d4 exd4 6. Nxd4 Nxe4 7. O-O Qd6 8. Nxe4 Nxd4 9. Nxd6+ Bxd6 10. Qxd4 O-O 11. Re1 a6 12. Bc4 c5 13. Qxd6 b5 14. Bxf7+ Rxf7 15. Re8+ 1-0

[Event "Scarborough CC Winter End U1400"]
[Site "Toronto CAN"]
[Date "2012.03.15"]
[Round "5"]
[White "Liang, Hairan"]
[Black "Yu, Tianxi"]
[Result "1-0"]
[WhiteElo "790"]
[BlackElo "1029"]
[PlyCount "109"]
[GameId "2160767909576420"]
[EventDate "2012.02.16"]
[EventType "swiss"]
[EventRounds "5"]
[EventCountry "CAN"]
[SourceTitle "EXT 2022"]
[Source "ChessBase"]
[SourceDate "2021.10.06"]
[SourceVersion "1"]
[SourceVersionDate "2021.10.06"]
[SourceQuality "1"]

1. e4 e5 2. Nf3 Nf6 3. Nxe5 d6 4. Nf3 Nxe4 5. Nc3 Nxc3 6. dxc3 Nc6 7. Bc4 Bg4 8. h3 Bh5 9. Be3 g6 10. g4 Ne5 11. Nxe5 dxe5 12. Qxd8+ Rxd8 13. gxh5 Bg7 14. hxg6 hxg6 15. Bxa7 Ra8 16. Bc5 Rh4 17. Bd5 Ra5 18. b4 Rb5 19. a4 Rxc5 20. bxc5 c6 21. Bf3 e4 22. Bg4 Bxc3+ 23. Ke2 Bxa1 24. Rxa1 f5 25. Bxf5 gxf5 26. f3 exf3+ 27. Kxf3 Rxh3+ 28. Kf4 Rh2 29. Rc1 Rf2+ 30. Kg3 Re2 31. c4 Re4 32. Rb1 Rxc4 33. Rxb7 Rxc5 34. a5 Kd8 35. a6 Ra5 36. a7 Ra3+ 37. Kf4 Kc8 38. Rb8+ Kc7 39. a8=Q Rxa8 40. Rxa8 Kb7 41. Rf8 c5 42. Rxf5 Kb6 43. Rf6+ Kb5 44. Rf5 Kb4 45. Ke3 c4 46. Rf4 Kb3 47. Kd4 c3 48. Rf3 Kb2 49. Rxc3 Kb1 50. Kd3 Kb2 51. Kd2 Kb1 52. Rc2 Ka1 53. Kc3 Kb1 54. Kb3 Ka1 55. Rc1# 1-0

[Event "Scarborough CC Winter End U1400"]
[Site "Toronto CAN"]
[Date "2012.03.15"]
[Round "5"]
[White "Lin, Benjamin1"]
[Black "Chen, George"]
[Result "1/2-1/2"]
[WhiteElo "1254"]
[BlackElo "1254"]
[PlyCount "84"]
[GameId "2160767909576421"]
[EventDate "2012.02.16"]
[EventType "swiss"]
[EventRounds "5"]
[EventCountry "CAN"]
[SourceTitle "EXT 2022"]
[Source "ChessBase"]
[SourceDate "2021.10.06"]
[SourceVersion "1"]
[SourceVersionDate "2021.10.06"]
[SourceQuality "1"]

1. c4 e5 2. Nc3 Nf6 3. d3 Bb4 4. Bd2 Nc6 5. e4 O-O 6. Nf3 h6 7. Be2 Bc5 8. O-O a6 9. a3 d6 10. h3 Nd4 11. Nxd4 Bxd4 12. Qc2 Re8 13. b4 Bd7 14. Rab1 c6 15. Bf3 b5 16. Ne2 Bb6 17. Ng3 Qc7 18. c5 dxc5 19. bxc5 Ba7 20. Rfc1 Rad8 21. a4 Rb8 22. a5 Qc8 23. Qd1 Rb7 24. Nf5 Bxf5 25. exf5 Rc7 26. Be4 Nxe4 27. dxe4 Rd7 28. Qe2 Qd8 29. Bb4 Qf6 30. Rd1 Red8 31. Rxd7 Rxd7 32. Rd1 Qd8 33. Rxd7 Qxd7 34. Qb2 Qe7 35. Qc3 f6 36. Kh2 Qd7 37. Qb3+ Kf8 38. Qc3 Bb8 39. Qd2 Qxd2 40. Bxd2 Kf7 41. g4 Ba7 42. Bb4 Bb8 1/2-1/2